| 000 | 00755nam a22002417a 4500 | ||
|---|---|---|---|
| 003 | OSt | ||
| 005 | 20211202034618.0 | ||
| 008 | 170211b xxu||||| |||| 00| 0 eng d | ||
| 020 | _a9780132340571 | ||
| 020 | _a0132340577 | ||
| 040 |
_aMMU _cMMU _dMMU _beng |
||
| 050 | 0 | 0 |
_aTX911.2 _b.F455 2008 |
| 100 | 1 | _aFenich, George G. | |
| 245 | 1 | 0 |
_aMeetings, expositions, events, and conventions : _ban introduction to the industry / _cGeorge G. Fenich. |
| 250 | _a2nd ed. | ||
| 260 |
_aUpper Saddle River, N.J. : _bPearson/Prentice Hall, _cc2008. |
||
| 300 |
_axii, 532 p. : _bill., map ; _c25 cm. |
||
| 500 | _aIncludes index. | ||
| 650 | 0 | _aHospitality industry. | |
| 650 | 0 | _aCongresses and conventions. | |
| 650 | 0 | _aMeetings. | |
| 942 |
_2lcc _cLOAN LOAN |
||
| 999 |
_c22615 _d22615 |
||